Statistiche per Ricostruisci la Carriera del Calciatore - Lúcio

Clicka qui per fare il quiz!

Statistiche generali

  • Questo quiz è stato fatto 2 volte
  • Il punteggio medio è 5 su 10

Statistiche sulle risposte

HintRisposta% Corretto
2004-2009 Bayern Monaco
100%
2009-2012 Inter
100%
2012 Juventus
100%
2000-2004 Bayer Leverkusen
50%
2015-2016 FC Goa
50%
1997-2000 Internacional
50%
2018-2020 Brasiliense
0%
2017-2018 Gama
0%
2014-2015 Palmeiras
0%
2013-2014 San Paolo
0%

Distribuzione punteggi

Percentile per numero di risposta

Percentuale di utenti per punteggio

I tuoi punteggi nel tempo

Non hai fatto questo quiz